Všeobecná chémia

Bibliographic Details
Main Authors: Vollmannová, Alena, 1959- (Author), Bajčan, Daniel, 1976- (Author), Stanovič, Radovan, 1971- (Author), Musilová, Janette, 1965- (Author)
Format: Book
Language:Slovak
PhysicalDescription:132 strán ilustrácie, schémy, tabuľky 30 cm
Published: Nitra Slovenská poľnohospodárska univerzita v Nitre, Fakulta biotechnológie a potravinárstva Vydavateľstvo SPU 2018
ISBN:9788055218496
Edition:Vydanie prvé
Subjects:

MARC

LEADER 00000nam a2200000 4500
001 vtls011785880
003 SK-MaSNL
005 20260301045937.0
008 200205s2018 xo al e np 000 0 slo
015 |a SNBA2018/10 
020 |a 9788055218496  |q (brožované) 
035 |a urn:nbn:sk:snk-am00d6lm 
035 |a urn:nbn:sk:snk-am3hreg 
035 |a E5D541BD-3D57-4461-B396-CDE386A442D3 
040 |a SNK  |b slo  |c SNK  |e rda 
041 0 |a slo 
044 |a xo  |c SK 
072 7 |a 54  |x Chémia. Mineralogické vedy  |2 konspekt 
080 |a 54  |2 2011 
080 |a (075.8)  |2 2011 
100 1 |a Vollmannová, Alena,  |d 1959-  |4 aut  |9 10573 
245 1 0 |a Všeobecná chémia  |c Alena Vollmannová, Daniel Bajčan, Radovan Stanovič, Janette Musilová 
250 |a Vydanie prvé 
264 1 |a Nitra  |b Slovenská poľnohospodárska univerzita v Nitre, Fakulta biotechnológie a potravinárstva  |b Vydavateľstvo SPU  |c 2018 
300 |a 132 strán  |b ilustrácie, schémy, tabuľky  |c 30 cm 
336 |a text  |b txt  |2 rdacontent 
337 |a bez média  |b n  |2 rdamedia 
338 |a zväzok  |b nc  |2 rdacarrier 
366 |e 150 kusov 
504 |a Bibliografia na strane 129-132 
650 0 7 |a chémia  |2 SNKPH  |9 749 
650 0 7 |a Chemistry  |2 SNKPHeng  |9 265248 
655 7 |a učebnice vysokých škôl  |2 SNKPH  |9 70191 
655 7 |a Textbooks (higher)  |2 SNKPHeng  |9 276436 
700 1 |a Bajčan, Daniel,  |d 1976-  |4 aut  |9 82355 
700 1 |a Stanovič, Radovan,  |d 1971-  |4 aut  |9 65637 
700 1 |a Musilová, Janette,  |d 1965-  |4 aut  |9 173192 
919 |a 978-80-552-1849-6 
958 |a NB 
999 |c 599747  |d 601677 
952 |a SNK  |b SNK  |y PREZ  |7 0  |p 17A1337894  |o snkSB 93231  |i snk2018/21285  |8 0  |0 0  |1 0  |4 0  |d 2018-10-17  |f 1  |l 0  |r 2025-05-14 00:00:00  |w 2026-02-23 
952 |a SNK  |b SNK  |y VYP  |7 0  |p 17A1337895  |o snkSB 93231 D1  |i snk2018/21286  |8 0  |0 0  |1 0  |4 0  |d 2018-10-17  |l 0  |r 2026-02-23 15:51:00  |w 2026-02-23